<?xml version="1.0" encoding="UTF-8"?>
<record
    xmlns:xsi="http://www.w3.org/2001/XMLSchema-instance"
    xsi:schemaLocation="http://www.loc.gov/MARC21/slim http://www.loc.gov/standards/marcxml/schema/MARC21slim.xsd"
    xmlns="http://www.loc.gov/MARC21/slim">

  <leader>03627    a2200193   4500</leader>
  <controlfield tag="001">53276</controlfield>
  <controlfield tag="005">20260407155807.0</controlfield>
  <controlfield tag="008">260407a1967    arg                 spa d</controlfield>
  <controlfield tag="003">AR-UNSa-BCEJYS</controlfield>
  <datafield tag="040" ind1=" " ind2=" ">
    <subfield code="a">AR-UNSa-BCEJYS</subfield>
    <subfield code="b">spa</subfield>
    <subfield code="c">AR-UNSa-BCEJYS</subfield>
  </datafield>
  <datafield tag="080" ind1=" " ind2=" ">
    <subfield code="a">336.71</subfield>
    <subfield code="x">Bancos. Sistema bancario </subfield>
  </datafield>
  <datafield tag="245" ind1="1" ind2="0">
    <subfield code="a">Econom&#xED;a y pol&#xED;tica bancaria</subfield>
  </datafield>
  <datafield tag="264" ind1=" " ind2="1">
    <subfield code="a">Buenos Aires :</subfield>
    <subfield code="b">Selecci&#xF3;n Contable</subfield>
    <subfield code="c">1967</subfield>
  </datafield>
  <datafield tag="300" ind1=" " ind2=" ">
    <subfield code="a">774 p.</subfield>
    <subfield code="c">23 cm.</subfield>
  </datafield>
  <datafield tag="505" ind1=" " ind2=" ">
    <subfield code="a">1. El dinero y los bancos - 2. La posici&#xF3;n dominante de los sistemas bancarios - 3. Funciones de los bancos y de sus sistemas en el mundo moderno - 4. Los sistemas bancarios al servicio de una econom&#xED;a en desarrollo - 5. Los sistemas crediticios y los servicios bancarios - 6. Econom&#xED;a y t&#xE9;cnica del cr&#xE9;dito bancario - 7. Econom&#xED;a de los dep&#xF3;sitos bancarios - 8. Econom&#xED;a de los dep&#xF3;sitos de ahorro - 9. Din&#xE1;mica del dinero bancario - 10. El dinero fiduciario y el dinero bancario - 11. La velocidad de circulaci&#xF3;n y las ecuaciones monetarias - 12. Teor&#xED;a monetaria y teor&#xED;a econ&#xF3;mica - 13. El mecado del dinero y el mercado financiero - 14. Los mercados del dinero y capitales.Los flujos y los bancos - 15. El ahorro y las decisones humanas - 16. Los bancos y la coyuntura de la econom&#xED;a  -17. Las estad&#xED;sticas bancarias - 18. La banca central y su evoluci&#xF3;n institucional - 19. Caracter&#xED;sticas y finalidades de la banca central - 20. Funciones y problemas de un banco central - 21. El proceso de monetizaci&#xF3;n de la deuda p&#xFA;blica - 22. La funci&#xF3;n reguladora de la banca central - 23. El Banco Central de la Rep&#xFA;blica Argentina - 24. Funciones del Banco Central de la Rep&#xFA;blica Argentina - 25. El Banco Central de la Rep&#xFA;blica Argentina y los bancos - 26. El Banco Central de la Rep&#xFA;blica Argentina y el Estado - 27. El balance del Banco Central - 28. Doctrina general de la reglamentaci&#xF3;n bancaria - 29. El ordenamiento bancario argentino de 1935 - 30. La ley de bancos de 1935 - 31. El r&#xE9;gimen de garant&#xED;a integral de los dep&#xF3;sitos  -32. R&#xE9;gimen genrral de bancos - 33. El r&#xE9;gimen general de inversiones bancarias - 34. El reordenamiento bancario de 1957 - 35. La ley de bancos de 1957 - 36. Las empresas colectoras e ahorro no bancarias - 37. Estructura bancaria Argentina - 38. La banca y la pol&#xED;tica de cr&#xE9;dito - 39. Los problemas del control del cr&#xE9;dito - 40. La segunda post-guerra y los bancos - 41. Los instrumentos de las pol&#xED;ticas crediticias - 42. La pol&#xED;tica bancaria como instrumento antic&#xED;clico - 43. Las pol&#xED;ticas bancarias y los problemas pol&#xED;tico sociales - 44. El control del cr&#xE9;dito y las pol&#xED;ticas bancarias y los problemas de la financiaci&#xF3;n del desarrollo econ&#xF3;mico - 45. Las pol&#xED;ticas bancarias y las planeaciones - 46. la pol&#xED;tica bancaria y la etabilizaci&#xF3;n - 47. Las pol&#xED;ticas bancarias y la prodcutividad - 48. Las concentraciones de los bancos y las pol&#xED;ticas bancarias - 49. El cr&#xE9;dito bancario a las actividades agropecuarias - 50. Estructura y pol&#xED;tica de los bancos de fomento - 51.  La pol&#xED;tica de cr&#xE9;dito industrial en la Argentina - 52. Las modernas formas de cooperaci&#xF3;n bancarias - 53. Las pol&#xED;ticas bancarias en la miner&#xED;a - 54. Banco Internacioanl de ajustes - 55. Instituciones de los Estados Unidos para la financiaci&#xF3;n internacional - 56. Los problemas institucionales al t&#xE9;rmino de la Segunda Guerra en materia bancaria y cambiaria - 57. El Banco mundial y sus filiales - 58. Am&#xE9;rica y sus problemas socio-econ&#xF3;micos - 59. El Banco Interamericano de Desarrollo y el futuro de Am&#xE9;rica</subfield>
  </datafield>
  <datafield tag="942" ind1=" " ind2=" ">
    <subfield code="c">BK</subfield>
  </datafield>
  <datafield tag="590" ind1=" " ind2=" ">
    <subfield code="a">niveau_biblio:m niveau_hierar:0</subfield>
  </datafield>
  <datafield tag="100" ind1="1" ind2=" ">
    <subfield code="a">Ca&#xF1;ellas, Marcelo G.</subfield>
  </datafield>
  <datafield tag="999" ind1=" " ind2=" ">
    <subfield code="c">5167</subfield>
    <subfield code="d">5167</subfield>
  </datafield>
  <datafield tag="952" ind1=" " ind2=" ">
    <subfield code="0">0</subfield>
    <subfield code="1">0</subfield>
    <subfield code="4">0</subfield>
    <subfield code="7">0</subfield>
    <subfield code="a">BCEJYS</subfield>
    <subfield code="b">BCEJYS</subfield>
    <subfield code="c">16</subfield>
    <subfield code="d">2026-04-07</subfield>
    <subfield code="l">0</subfield>
    <subfield code="o">336.71 C221</subfield>
    <subfield code="p">L21441</subfield>
    <subfield code="r">2026-04-07 15:58:07</subfield>
    <subfield code="w">2026-04-07</subfield>
    <subfield code="y">L</subfield>
  </datafield>
  <datafield tag="952" ind1=" " ind2=" ">
    <subfield code="0">0</subfield>
    <subfield code="1">0</subfield>
    <subfield code="4">0</subfield>
    <subfield code="7">0</subfield>
    <subfield code="a">BCEJYS</subfield>
    <subfield code="b">BCEJYS</subfield>
    <subfield code="c">16</subfield>
    <subfield code="d">2026-04-07</subfield>
    <subfield code="l">0</subfield>
    <subfield code="o">336.71 C221</subfield>
    <subfield code="p">L21218</subfield>
    <subfield code="r">2026-04-07 15:58:07</subfield>
    <subfield code="w">2026-04-07</subfield>
    <subfield code="y">L</subfield>
  </datafield>
</record>
